000 00572cam a2200193 4500
001 ABS61923
008 000000n2000 000 0 eng u
035 _a(Sirsi) u104295
100 _aRees, W.H.
245 _aHow to be an expert witness
260 _c2000
490 _aThe Valuer
_v23(2) January/February 2000 69(1)
520 _aExplains how to make use of previous judgments or decisions by valuers when acting as an expert witness.
590 _aABS
650 _aEXPERT WITNESSES
650 _aVALUERS
690 _aDispute resolution
_96236
942 _n0
999 _c62574
_d62574